| 000 | 01131cam a2200301 4500 | ||
|---|---|---|---|
| 001 | A377 | ||
| 008 | 090401t1993 xxu||||| |||| 00| 0 eng d | ||
| 035 | _a(Sirsi) u95407 | ||
| 041 | _aeng | ||
| 110 |
_aRoyal Institution of Chartered Surveyors _94900 |
||
| 245 | _aCommercial property leases | ||
| 260 |
_bRICS _c1993 |
||
| 300 | _a55p | ||
| 350 | _a3 | ||
| 490 |
_aRICS Memorandum _vGCPPA/Report(93)20 |
||
| 520 | _aRICS response to DoE consultation paper on three aspects of commercial property leases: upwards-only rent reviews, confidentiality clauses and dispute resolution procedures. Also considers the effect of the proposals on privity of contract on an option to abolish UORRs. Includes report on "Lease structure changes" prepared by Investment Property Databank. | ||
| 650 | _aCONFIDENTIALITY CLAUSES | ||
| 650 |
_aDISPUTE RESOLUTION _96236 |
||
| 650 | _aLEASE REFORM | ||
| 650 | _aLEASE STRUCTURE | ||
| 650 | _aLEASES | ||
| 650 | _aREFORM | ||
| 650 | _aRENT REVIEWS | ||
| 650 | _aUPWARD ONLY RENT REVIEWS | ||
| 690 | _aLANDLORD AND TENANT-BUSINESS TENANCIES | ||
| 942 | _n0 | ||
| 948 | _c04/03/1997 | ||
| 999 |
_c98487 _d98487 |
||